000 00571nam a2200181 4500
001 116798
003 ES-MaACL
005 20230906190754.0
007 t|
008 061121s1969 sp r ||||1| spa d
100 1 _aPavese, Cesare.
_989679
245 1 3 _aEl bello verano /
_cCesare Pavese ; introducción de Furio Jesi ; traducción por Mª Carmen García Lecha.
260 _aBarcelona :
_bDestino,
_c1969.
300 _a428 p. ;
_c18 cm.
700 1 _aJesi, Furio.
_966353
700 1 _aGarcía Lecha, María Carmen.
_954815
852 _aES-MaACL
_jC-40190
_bR.71622
999 _c116798
_d116798